000 00246nam a22001097a 4500
082 _a823
_bPRA/C
100 _aPRAN
245 _aCHACHA CHOUDHARY( 2)
246 _aCHACHA CHOUDHARY( 2)
_bCHACHA CHOUDHARY( 2)
650 _aENGLISH STORY
942 _cBK
999 _c8785
_d8785